| 000 | 00678cam a22002293a 4500 | ||
|---|---|---|---|
| 001 | 7811 | ||
| 003 | PGUSA | ||
| 005 | 20140828083149.0 | ||
| 008 | 050401s2005||||xxu|||||s|||||000 | eng d | ||
| 040 |
_aPGUSA _beng |
||
| 042 | _adc | ||
| 050 | 4 | _aD501 | |
| 100 | 1 |
_aBooth, Evangeline, _d1865-1950 |
|
| 245 | 1 | 4 |
_aThe War Romance of the Salvation Army _h[electronic resource] / _cEvangeline Booth |
| 260 |
_bProject Gutenberg, _c2005 |
||
| 506 | _aPublic domain in the USA. | ||
| 516 | _aElectronic text | ||
| 653 | _aWorld War, 1914-1918 -- War work -- Salvation Army | ||
| 830 | 0 |
_aProject Gutenberg _v7811 |
|
| 856 | 4 | 0 | _uhttp://www.gutenberg.org/ebooks/7811 |
| 942 | _cEB | ||
| 999 |
_c237111 _d237111 |
||